000 00645 a2200157 4500
999 _c4142
_d4142
020 _a9781846817175
050 _aN 8530 SID 2011
100 _aSidaway, Ian
_eauthor
245 _aThe practical encyclopedia of drawing :
_bpencils, pens and pastels. observing and measuring. perspective. shading line drawing. sketching. texture. using negative spaces. composition /
_cIan Sidaway and Sarah Hoggett
264 _aU.S.A.:
_bHermes House,
_c2011
300 _a256p.:
_bill.(col.)
500 _aIncludes bibliographical references and index
650 _aMaterials and techniques
700 _aSarah, Hoggett
_eauthor
942 _2lcc
_cBK
_h8530
_iSID
_kN